00816cam a22002417a 4500003000500000005001700005008004100022010001100063011001100074035001100085040000900096082001800105100002200123245006400145260003100209300000900240505015600249534006500405650003300470650002000503650001800523650003300541CHAP20220329143751.0110729s1965 mx a r 00010 spa d a101645 a102617 a113306 cCHAP10a658.4032bM361 aMartino, Rocco L.13aAdministración y control de proyectosc/por R. L. Martino aMéxico :bTecnica,c2010 a3 v.0 aContenido : v. 1. Determinación de la ruta crítica.-- v. 2. Planeación de operaciones aplicada.-- v. 3. Asignación y programación de recursos pTít. original :tFinding the critical path,cNew York,196414aAdministración industrial.14aOrganización.14aPlaneación.14aProducciónxControl de la.